La Liga 2021-2022 Top scorers - Statistics

General Stats
  • This quiz has been taken 21 times
  • The average score is 6 of 10
Answer Stats
Goals Nationality Club Player % Correct
27 France Real Madrid Karim Benzema
100%
17 Brazil Real Madrid Vinícius Júnior
89%
18 Spain Celta Vigo Iago Aspas
79%
12 Argentina Atlético Madrid Ángel Correa
74%
12 Netherlands Barcelona Memphis Depay
68%
14 Spain Alavés Joselu
58%
16 Turkey Getafe Enes Ünal
53%
13 Spain Levante José Luis Morales
37%
17 Spain Espanyol Raúl de Tomás
26%
16 Spain Real Betis Juanmi
16%
No matching quizzes found
Score Distribution
Percent of People with Each Score
Percentile by Number Answered
Your Score History
You have not taken this quiz